000 00693nam a2200241Ia 4500
003 OSt
005 20220926011900.0
006 a|||||r|||| 00| 0
007 ta
008 220923b |||||||| |||| 00| 0 eng d
037 _cGeneral Book
040 _aRTL
_cRTL
_beng
041 _2eng
_aeng
082 _aX:8g, L0
100 _aMoore Russell F Ed.
_9315195
245 0 _aAMA management handbook
260 _aNew York
_bAmerican Management Association
_c1980
300 _axvii, 1248p
_ccm.
490 _aAmerican Management Association Publication
650 _aManagement
_930681
942 _hX:8g, L0
_cGB
_2CC
999 _c621238
_d621238